000 00441nam a2200145 a 4500
001 000034327
005 20200930073636.0
008 111003s1834 xxu 000 0 spa d
040 _aDO-SdBNP
_bspa
_cBNPHU
082 _axxx
100 1 _aIrving, Washington,
_d1783-1859.
_911986
245 1 0 _aLife and voyages of Christopher Columbus /
_cWashington Irving.
260 _aNew York :
_bN. and J. White,
_c1834.
300 _aiv, 218 p. : ;
_c15 cm.
999 _c33818
_d33818